Регионална библиотека "Любен Каравелов" - Русе

Брилянтните преговори (Запис номер 81439)

MARC детайли
000 -Лидер
Контролно поле с фиксирана дължина 02804nam a2200481 c 4500
003 - Код на организацията, давaща контролен номер
Контролно поле BLK
005 - Дата и час на последна редакция
Контролно поле 20200820155250.0
008 - Елементи от данни с фиксирана дължина
fixed length control field 180408b bul|||||r ||||||| ||bul||
010 ## - Наследен системен номер
LC control number KNG00085943000
020 ## - Международен стандартен номер на книга ISBN
Международен стандартен номер на книга ISBN 978-954-9877-20-5
-- издат.: Амат-Ах
040 ## - Източник на каталожния запис
Идентификатор на билиотеката - собственик на записа BLK
041 ## - Код за език
Код за езика на текст/звукозапис или на отделно заглавие Български
Код за езика КДБФ Български
080 ## - УДК
Текстов определител УДК Пласмент. Продажби
УДК код - определител по УДК 658.8
УДК определител (035)
УДК - код + определител 658.8(035)
080 ## - УДК
Текстов определител УДК Техника на търговията (икон. аспекти). Условия на сделките. Форми на стокообмен и разпределение на стоките. Условия на доставките, на плащане. Размяна. Бартерни сделки. Покупка. Продажба. Фр
УДК код - определител по УДК 339.18
УДК определител (035)
УДК - код + определител 339.18(035)
080 ## - УДК
Текстов определител УДК Икономическа психология. Икономическо поведение. Физиологични и психологични елементи. Интереси. Икономически дух
УДК код - определител по УДК 330.16
УДК определител (035)
УДК - код + определител 330.16(035)
080 ## - УДК
Текстов определител УДК Разговор. Умение да се води разговор. Празнодумие
УДК код - определител по УДК 177.2
УДК определител (035)
УДК - код + определител 177.2(035)
100 1# - Редна дума - Автор
Автор Пийлинг, Ник
Авторска отговорност първи автор
R(LIN) 110636
139 ## - Редно поле
Редна дума Пийлинг, Ник
Авторски знак Пи - П 51
245 10 - Сведения за заглавието
Заглавие Брилянтните преговори
Подзаглавни данни Онова, което знаят, правят и казват най-добрите преговарящи
Редно поле (дума) Ник Пийлинг; прев. от англ. Евгения Миро.
257 ## - Страна на издаване
Страна на създаване/издаване Великобритания
260 ## - Област на издателските данни
-- София
Име на издателя, разпространителя и проч. Амат-Ах
Година на издаване 2008
Печатница София : Скала
300 ## - Физическа характеристика
Страници 148 с.
Размери/Мащаб 20 см
380 ## - Жанр
Жанр Обществени науки
500 ## - Общи забележки
Забележка Ориг. загл. Brilliant Negotiations. What the Best Negotiators Know, Do and Say / Nic Peeling. - 750 тир. - Офс. изд. - Съдържа и За автора.
590 ## - Забележки на библиотеката, притежаваща документа (RLIN)
Служебно ф
650 #4 - Допълнително описание по предмет – тема
Основно описание – тема или топоним Преговори, стопански
9 (RLIN) 258386
650 #4 - Допълнително описание по предмет – тема
Основно описание – тема или топоним Икономическо поведение - наръчници и ръководства
9 (RLIN) 278572
650 #4 - Допълнително описание по предмет – тема
Основно описание – тема или топоним Сделки - наръчници и ръководства
9 (RLIN) 271626
650 #4 - Допълнително описание по предмет – тема
Основно описание – тема или топоним Маркетинг - наръчници и ръководства
9 (RLIN) 242925
650 #4 - Допълнително описание по предмет – тема
Основно описание – тема или топоним Взаимоотношения - в бизнеса - наръчници и ръководства
9 (RLIN) 249640
650 #4 - Допълнително описание по предмет – тема
Основно описание – тема или топоним Стопанска етика
9 (RLIN) 261791
653 ## - Ключова дума – ненормативна
Ключова дума стопански преговори
653 ## - Ключова дума – ненормативна
Ключова дума сделки
653 ## - Ключова дума – ненормативна
Ключова дума маркетинг
653 ## - Ключова дума – ненормативна
Ключова дума бизнес поведение
653 ## - Ключова дума – ненормативна
Ключова дума стопанска етика
700 1# - Други автори (авторска отговорност)
Лично име Миро, Евгения
Автороска отговорност (Описва отношението между автора и произведението) прев. от англ.
9 (RLIN) 370268
852 ## - Местоположение
Форматна сигнатура Цб 241557
856 4# - Електронен адрес и достъп
Електронен формат pdf - файл
Път до файла /url/
856 4# - Електронен адрес и достъп
Електронен формат pdf - файл
Път до файла /url/
942 ## - АРТИКУЛИ
Вид на библиотечния материал Книги
Скрит в OPAC Не
Koha issues (borrowed), all copies 2
944 ## - СЪЗДАВАНЕ И РЕДАКЦИЯ на ЗАПИСА
Създаване/Редакция Създаване
Дата на регистрацията/редакция 20.10.2008
Служител, извършил регистрацията/редакцията Валя_Йорданова
944 ## - СЪЗДАВАНЕ И РЕДАКЦИЯ на ЗАПИСА
Създаване/Редакция Редакция
Дата на регистрацията/редакция 01.04.2015
Служител, извършил регистрацията/редакцията Людмила_Стоянова
999 ## - СИСТЕМНИ КОНТРОЛНИ НОМЕРА
Koha biblionumber 81439
Koha biblioitemnumber 81439
Наличности
Код за отписване Код за изгубен артикул Източник на класификационната схема Код за повреда Коз за рестрикции Код за отдаване Артикулен № Име на библиотеката - собственик Име на библиотеката, в която се намира в момента Статус (Текущо местоположение) Дата на вписване в системата Местоположение - отдел Цена в лева Инвентарен номер Систематично азбучна сигнатура Баркод Номер на екземпляра Цена в евро Служебна бележка Служебен тип на артикула
  Не е изгубен Universal Decimal Classification Не е повреден без рестрикции ползва се в читалня 132127 Регионална библиотека "Любен Каравелов" Русе Регионална библиотека "Любен Каравелов" Русе Читалня 2008-10-06 Читалня 14.00 120000730336 Ч 005/П 51 120000730336 1 7.16 Дост: Pk Вид: Ф N: 8680 Дата: 03.10.2008 Дата инв: 23.03.2017 Бележки инв: Ч2017 Книги
  Не е изгубен   Не е повреден без рестрикции ползва се в читалня 132128 Регионална библиотека "Любен Каравелов" Русе Регионална библиотека "Любен Каравелов" Русе Хранилище 2009-06-16 Хранилище 14.00 120000736201 Цб 241557 120000736201 2 7.16 Дост: Dp Вид: Д N: 2 Дата: 17.12.2008 Книги
  Не е изгубен   Не е повреден без рестрикции заемане за дома 132129 Регионална библиотека "Любен Каравелов" Русе Регионална библиотека "Любен Каравелов" Русе Заемна - подръчен фонд 2015-01-15 Заемна - подръчен фонд 14.00 120000784221 П 658/П 51 120000784221 3 7.16 Дост: DA Вид: А N: 1 Дата: 09.01.2015 Дата инв: 05.02.2018 Бележки инв: П2018 Книги
Vip Innovations Ltd, Rousse, Bulgaria 2025